000 00535nam a22001457a 4500
005 20241221093758.0
008 241003b |||||||| |||| 00| 0 eng d
050 _aDPer050 M72 January-March 2018 v. 66 no. 8-10
100 _aBautista, Ma. Eliza V.
_eauthor.
_962109
245 _aAng pamalo ni tatang /
_cMa. Eliza V. Bautista.
260 _aPhilippines;
_bPublishers Association of the Philippines, Inc.,
_cDecember 2018.
300 _aVolume 66, pages 276.
700 _aBautista, Ma. Eliza V.
_eauthor.
_962110
942 _2ddc
_cPER
999 _c22147
_d22147